header

Between educationalization and appropriation (Record no. 76439)

MARC details
000 -LEADER
fixed length control field 01185nam a2200277 a 4500
100 1# - MAIN ENTRY--AUTHOR NAME
Personal name Depaepe, Marc.
245 10 - TITLE STATEMENT
Title Between educationalization and appropriation
260 ## - PUBLICATION, DISTRIBUTION, ETC. (IMPRINT)
Place of publication Leuven, Belgium :
Name of publisher Leuven University Press,
Year of publication 2012.
300 ## - PHYSICAL DESCRIPTION
Number of Pages 496 p. :
Other physical details ill.
650 #0 - SUBJECT ADDED ENTRY--TOPICAL TERM
Topical Term Education
856 40 - ELECTRONIC LOCATION AND ACCESS
Uniform Resource Identifier http://site.ebrary.com/lib/rucke/Doc?id=10655450

No items available.

© 2026 Rongo University
Contact us: librarian | system librarian | Rongo university